000 00393nam a2200157Ia 4500
008 210210b1995 xxu||||| |||| 00| 0 eng d
082 _a534 SUBT
100 _aSUBRAHMANYAM (N) & BRIJ LAL.
245 _aText book of sound. Rev Ed 2
250 _a
260 _aN D
_bVikas Publishing House Pvt Ltd.,
_c1995
300 _axiii,281
650 _aSound
690 _aSound
906 _a051645
999 _c100086
_d100086